Export Ready — 

Science

Saved in:

Format: Journal

Language: Undetermined

Published: JSTOR
American Association for the Advancement of Science

Subjects:

Online Access: Login to view Source

Tags: Add Tag

No Tags, Be the first to tag this record!

Call Number:

LEADER 00553nas a2200181Ia 4500
008 220214c99999999xx |||||||||||| ||und||
022 |a 0036-8075 
022 |a 1095-9203 
245 0 0 |a Science 
264 1 |b JSTOR 
264 1 |b American Association for the Advancement of Science 
362 0 |a Vol. 1(1880)-350 (2015) 
653 1 0 |a General Science 
653 1 0 |a Science & Mathematics 
856 4 0 |u https://www.jstor.org/journal/science 
942 |c JL 
952 |0 0  |1 0  |4 0  |7 1  |9 37137  |a JSR  |b JSR  |d 2022-02-14  |l 0  |r 2022-02-14 00:00:00  |w 2022-02-14  |y JL 
999 |c 45468  |d 45468